Big Ten Teams-Sudden Death - Statistics

General Stats
  • This quiz has been taken 22 times
  • The average score is 13 of 18
Answers on the Grid
Answers color-coded by a green-red scale on the quiz's grid according to % correct below.
Michigan
Ohio
Indiana
Rutgers
Alabama
Kentucky
Boston College
Northwestern
Virginia
Ohio State
Notre Dame
USC
UCLA
Virginia Tech
Michigan State
Oklahoma
Clemson
Iowa
Northern Iowa
Iowa State
Nebraska
Ohio State
Minnesota
Eastern Michigan
Appalachian State
Maryland
Penn State
Purdue
North Dakota
Illinois
Washington State
Washington
Oregon
Oregon State
 
Answer Stats
Answer % Correct
Michigan
93%
Ohio State
80%
Iowa
73%
Nebraska
73%
Rutgers
73%
UCLA
73%
USC
73%
Illinois
67%
Indiana
67%
Maryland
67%
Michigan State
67%
Minnesota
67%
Northwestern
67%
Ohio State
67%
Oregon
67%
Penn State
67%
Purdue
67%
Washington
67%
No matching quizzes found
Score Distribution
Percent of People with Each Score
Percentile by Number Answered
Your Score History
You have not taken this quiz